Bibliography on human settlements with emphasis on households and residential environment - Zambia (Record no. 84629)

MARC details
000 -LEADER
fixed length control field 00808nam a2200193 a 4500
008 - FIXED-LENGTH DATA ELEMENTS--GENERAL INFORMATION
fixed length control field 120416s1982 ||||||||||||||||| || u
020 ## - INTERNATIONAL STANDARD BOOK NUMBER
International Standard Book Number 915403731X
050 ## - LIBRARY OF CONGRESS CALL NUMBER
Classification number Z 7164.H8 Sch
100 ## - MAIN ENTRY--PERSONAL NAME
Personal name Chanda, Jairus
245 10 - TITLE STATEMENT
Title Bibliography on human settlements with emphasis on households and residential environment - Zambia
260 ## - PUBLICATION, DISTRIBUTION, ETC.
Place of publication, distribution, etc. Stockholm:
Name of publisher, distributor, etc. SCBR
Date of publication, distribution, etc. 1982
300 ## - PHYSICAL DESCRIPTION
Extent 137p.
350 ## -
-- 0.00
650 ## - SUBJECT ADDED ENTRY--TOPICAL TERM
Topical term or geographic name entry element ZAMBIA
650 ## - SUBJECT ADDED ENTRY--TOPICAL TERM
Topical term or geographic name entry element HUMAN SETTLEMENTS--ZAMBIA--BIBLIOGRAPHY
700 ## - ADDED ENTRY--PERSONAL NAME
Personal name Schlyter, Ann
995 ## -
-- SPECIAL COLLECTIONS
-- 0.00
-- 711231
-- CBU-MAIN LIBRARY (Kitwe)
-- 1
-- 0.00
-- ZAM Z 7164.H8 SCH
-- 2
-- AVAILABLE
-- Oct 3, 2007
-- 55663
-- Zambiana Collection
995 ## -
-- SPECIAL COLLECTIONS
-- 0.00
-- 705425
-- CBU-MAIN LIBRARY (Kitwe)
-- 2
-- 20.00
-- ZAM Z 7164.H8 SCH
-- 1
-- AVAILABLE
-- 56071
-- Zambiana Collection
999 ## -
-- 84629
-- 84629

No items available.